| 000 | 00420cam a22001337a 4500 | ||
|---|---|---|---|
| 008 | 180718b1968 xxu||||| |||| 00| 0 eng d | ||
| 082 | _aT19 P886 | ||
| 100 | _aPrasad, S. Benjamin | ||
| 245 |
_aMangerialism for economic development : essays on India _cby S. Benjamin Prasad and Anant R. Negandhi |
||
| 260 |
_aThe Hague _bMartinus Nijhoff _c1968 |
||
| 300 | _a170p. | ||
| 650 | _aEconomics | ||
| 700 | _aNegandhi, Anant R. | ||
| 999 |
_c435640 _d435640 |
||